000 00525nam a2200205Ia 4500
005 20240823053011.0
008 240823s9999||||xx |||||||||||||| ||und||
020 _a978-93-81695-14-2
041 _aENGLISH
082 _A004.65 Q5
100 _aJasmeet singh Gurm
245 0 _aData Communication Networks
250 _a1st
260 _c2015
_bGlobal Academic Publishers & Distrib
500 _aYES
650 _aData Communications
_bComputer Science
700 _a Rupinder Kaur
942 _cBK
999 _c223174
_d223174